| 000 | 00718 a2200205 4500 | ||
|---|---|---|---|
| 010 | _aENG-88755 | ||
| 020 |
_c895.00 _a8131303696 |
||
| 035 | _aEN-72288 | ||
| 037 | _bDBAD / PUB | ||
| 082 | 1 | 4 | _a635.9349 |
| 090 |
_c9316 _d9316 |
||
| 100 | 1 | 1 | _aGhosh, G. K. |
| 245 | 1 |
_aBamboo: _cby G. K. Ghosh _bthe wonderful grass/ |
|
| 260 |
_aNew Delhi _bAPH Publishing _c2008 |
||
| 270 |
_a4435-36/7, Ansari Road, Darya Ganj _bNew Delhi _k011-23274050 _e110 002 _maphbooks@vsnl.net |
||
| 300 |
_axi, 415 p. _c23 cm. (Hb). |
||
| 500 | _aIncludes bibliographical references and index | ||
| 942 |
_adpl _cEN _k635.9349 / GHO |
||
| 999 |
_c9147 _d9147 |
||